000 00588nam a2200157 i 4500
001 25611
003 ES-MaACL
007 t|
008 021227s1982 sp ||||1| spa d
100 1 _aAriño Ortiz, Gaspar.
_922842
245 1 3 _aLa protección jurídica de los espacios naturales /
_cGaspar Ariño Ortiz, Juan Miguel de la Cuétara Matínez.
260 _aMadrid :
_b[Centro de Estudios de Ordenación del Territorio y Medio Ambiente. A.G.E.],
_c1982.
300 _a190 p. ;
_c30 cm.
700 1 _aCuétara Martínez, Juan Miguel de la.
_942073
852 _aES-MaACL
_jL-5859
_bR.106443
999 _c25611
_d25611